000 00646nam a2200193Ia 4500
003 GCL
008 140319s9999 xx 000 0 ara d
040 _aGCL /
_cGCL
082 0 4 _a001.6424
_bم ك
100 1 _aمحمد رفعت الشناوى
245 1 0 _aكتاب التدريب الاساسى اوتوكاد 12 للنوافذ /
_cمحمد رفعت الشناوى
300 _a342 ص
490 _aكمبيو ساينس
_v0
650 0 4 _aالحاسبات الالكترونية
650 0 4 _aاوتوكاد
650 0 4 _aالحاسبات الالكترونية - برامج
650 0 4 _aبرامج الحاسبات
942 _2ddc
_cBK
999 _c48324
_d48324